000 00830nam a2200253 a 4500
001 54851
003 BD-RjUL
005 20211209080158.0
008 161112s1986 nyua 001 0 eng
020 _a0824773373
035 _a(BD-RjUL)54973
040 _aDLC
_cDLC
_dBD-RjUL
_beng
041 _aeng
082 0 0 _a664.072
_223
_bOMS 1986
100 1 _aO'Mahony, Michael,
_d1942-
_9163513
245 1 0 _aSensory evaluation of food :
_bstatistical methods and procedures /
_cMichael O'Mahony.
260 _aNew York :
_bM. Dekker,
_cc1986.
300 _axv, 487 p. :
_bill. ;
_c24 cm.
490 1 _aFood science and technology ;
_v16
500 _aIncludes index.
650 0 _aFood
_xSensory evaluation
_xStatistical methods.
_9163514
830 0 _aFood science and technology (Marcel Dekker, Inc.)
_v16
_9159239
942 _2ddc
_cBK
999 _c54851
_d54851